| 000 | 00334nam a22001457a 4500 | ||
|---|---|---|---|
| 003 | OSt | ||
| 005 | 20170105103447.0 | ||
| 008 | 131204t xxu||||| |||| 00| 0 eng d | ||
| 020 | _a978-0-323-03399-2 | ||
| 040 | _cASAB | ||
| 100 |
_aDavid Male _9385 |
||
| 245 | _aImmunology | ||
| 250 |
_a7th Ed. _bInternational Edition |
||
| 942 |
_2ddc _cBK |
||
| 999 |
_c16656 _d16656 |
||